Strategické riadenie v medzinárodnom bankovníctve

Charakteristiky riadenia veľkých komerčných bánk, ktoré sa v kontinentálnej Európe nazývajú universal banks, v Británii clearing banks, v Kanade chartered banks, v Austrálii a na Novom Zélande trading banks a v USA commercial banks. Náročnosť riadenia a banková regulácia.

Gespeichert in:
Bibliographische Detailangaben
1. Verfasser: Korauš, Antonín
Format: Buchkapitel
Sprache:Slowakisch
Schlagworte:
Tags: Tag hinzufügen
Keine Tags, Fügen Sie das erste Tag hinzu!

MARC

LEADER 00000naa$a2200000$$$4500
001 0220170
005 20220818080300.9
041 0 |a slo 
044 |a SK 
245 1 0 |a Strategické riadenie v medzinárodnom bankovníctve  |c Anton Korauš 
520 |a Charakteristiky riadenia veľkých komerčných bánk, ktoré sa v kontinentálnej Európe nazývajú universal banks, v Británii clearing banks, v Kanade chartered banks, v Austrálii a na Novom Zélande trading banks a v USA commercial banks. Náročnosť riadenia a banková regulácia. 
610 2 0 |a bankovníctvo 
610 2 0 |a banky obchodné 
610 2 0 |a inštitúcie finančné 
610 2 0 |a služby bankové 
610 2 0 |a služby finančné 
610 2 0 |a regulácia 
610 2 0 |a riadenie 
610 2 0 |a banky 
100 1 |a Korauš, Antonín